000 00937cam a22003133a 4500
001 9702
003 PGUSA
005 20140828083215.0
008 060101s2006||||xxu|||||s|||||000 1 eng d
040 _aPGUSA
_beng
042 _adc
050 4 _aPR
100 1 _aDickens, Charles,
_d1812-1870
245 1 4 _aThe Old Curiosity Shop
_h[electronic resource] /
_cCharles Dickens
260 _bProject Gutenberg,
_c2006
506 _aCopyrighted. Read the copyright notice inside this book for details.
516 _aElectronic text
653 _aDomestic fiction
653 _aAntique dealers -- Fiction
653 _aGrandfathers -- Fiction
653 _aDidactic fiction
653 _aGrandparent and child -- Fiction
653 _aEngland -- Fiction
653 _aGamblers -- Fiction
653 _aGirls -- Fiction
830 0 _aProject Gutenberg
_v9702
856 4 0 _uhttp://www.gutenberg.org/ebooks/9702
942 _cAB
999 _c238958
_d238958